00949nam a2200229 a 450000100060000000300080000600500170001400800410003103500190007203500190009104000370011004100080014708200220015524502020017726000600037930000250043950400500046465000320051494200120054699900170055895201440057561301BD-RjUL20211209080938.0170117r19461944en b 001 0 eng d a(BD-RjUL)61425 a(OCoLC)1653282 aDLCcOTUdOTUdDLCdBD-RjULbeng aeng a331.873bIND 194600aIndustrial relations handbook :bAn account of the organisation of employers and workpeople of Great Britain; conciliation and arbitration; and statutory regulation of wages in certain industries / aLondon :bH. M. Stationery Off.,c1944 [Reprinted 1946] aiv, 260 p. ;c22 cm. aIncludes bibliography (p. 234-237) and index. 0aIndustrial relations950638 2ddccBK c61301d61301 00102ddc40718NFICaRUCLbRUCLcReadingd1962-01-31eA. I. Quirishig3.60l0o331.873 IND 1946r2017-01-17 00:00:00tC-1w2017-01-17yBK